00492 2200193 4500001002100000005001500021035002000036245007000056100001800126250000700144300003000151260003500181082001100216084001700227020001800244600001800262990000900280990000900289INLIS00000000000003520251007094624 a0010-10250000211 aBelajar Sendiri Mengoptimalkan Penggunaan Laptop /cMardiana Wati0 aMardiana Wati a1. aviii + 184 hlm. ;c19 cm. aBandung :bYrama Widya,c2010. a004.16 a004.16 MAR b a9789790772175 4aMardiana Wati a1923 a1924